| 000 | 00763nam a2200193 a 4500 | ||
|---|---|---|---|
| 001 | BRCA_270 | ||
| 005 | 20190320202936.0 | ||
| 008 | 290508s1949----mx-a---###---#000-0#spa-# | ||
| 050 | 4 |
_aNA4510.A7 _b.R66 1949 |
|
| 100 | 1 |
_aRomero de Terreros y Vinent, Manuel _cMarqués de San Francisco _d1880-1968 _9903 |
|
| 245 | 1 | 0 |
_aLos acueductos de México en la historia y en el arte _cManuel Romero de Terreros ; prólogo de Justino Fernández. |
| 260 |
_aMéxico _bUNAM, Instituto de Investigaciones Estéticas _c1949 |
||
| 300 |
_a157 p. _bil., fotografías, planos _c28 cm. |
||
| 504 | _aBibliografía : p. 155-157 | ||
| 650 | 1 | 4 |
_aAcueductos _xEn el arte _zMéxico _9904 |
| 650 | 1 | 4 |
_aAcueductos _xHistoria _zMéxico _9905 |
| 700 | 1 |
_aFernández, Justino _9906 |
|
| 942 |
_2lcc _cB |
||
| 999 |
_c217 _d217 |
||